| 000 | 00000nam##2200000za#4500 |
| 001 | 9.661656 |
| 003 | CaOODSP |
| 005 | 20210615120155 |
| 007 | ta |
| 008 | 150407|2000||||xxc||||| f|0| 0 fre|d |
| 020 | |a0-662-64763-7 |
| 040 | |aCaOODSP|bfre |
| 041 | |aeng |
| 041 | |afre |
| 043 | |an-cn--- |
| 086 | 1 |aR32-163/2000 |
| 110 | 1 |aCanada.|bAffaires indiennes et du Nord. |
| 245 | 10|aAnalyse des conditions socioéconomiques de 1991 et de 1996 : |bcomparaison entre les Indiens inscrits vivant dans les réserves et l'ensemble de la population du Canada |
| 260 | |aOttawa - Ontario : |bAffaires indiennes et du Nord |c2000. |
| 300 | |aTexte français, 10p. : |bréférences, tableaux ; |c22 cm. |
| 546 | |aBilingue |
| 563 | |aCouverture souple |
| 590 | |a01-19|b2001-05-11 |
| 691 | 07|aConditions sociales|2gcpds |
| 691 | 07|aConditions économiques|2gcpds |
| 691 | 07|aRéserve autochtone|2gcpds |
| 776 | 0#|tAnalyse des conditions socioéconomiques de 1991 et de 1996 : |w(CaOODSP)9.640424 |
| 776 | 0#|tComparison of social conditions, 1991 and 1996 : |w(CaOODSP)9.696305 |
| 791 | |tComparison of social conditions, 1991 and 1996 : |eeng|w(CaOODSP)9.661655 |
| 986 | |aQS-3618-000-BB-A1 |